46_鹿児島県の市町村(ひらがな対応・五十音順) - Statistics

General Stats
  • This quiz has been taken 26 times
  • The average score is 39 of 43
Answer Stats
種類 市町村名 % Correct
姶良市
100%
いちき串木野市
100%
指宿市
100%
鹿児島市
100%
霧島市
100%
薩摩川内市
100%
さつま町
100%
志布志市
100%
枕崎市
100%
阿久根市
94%
天城町
94%
奄美市
94%
伊佐市
94%
出水市
94%
鹿屋市
94%
瀬戸内町
94%
垂水市
94%
知名町
94%
中種子町
94%
西之表市
94%
南大隅町
94%
南九州市
94%
南さつま市
94%
南種子町
94%
屋久島町
94%
伊仙町
88%
宇検村
88%
肝付町
88%
曽於市
88%
龍郷町
88%
徳之島町
88%
長島町
88%
日置市
88%
大和村
88%
与論町
88%
和泊町
88%
喜界町
82%
錦江町
82%
十島村
82%
三島村
82%
湧水町
82%
東串良町
71%
大崎町
65%
No matching quizzes found
Score Distribution
Percent of People with Each Score
Percentile by Number Answered
Your Score History
You have not taken this quiz